| 000 | 00950nam a2200265Ia 4500 | ||
|---|---|---|---|
| 001 | 21943 | ||
| 005 | 20260320113327.0 | ||
| 008 | 260320s9999||||xx |||||||||||||| ||und|| | ||
| 020 | _a9789972571497 | ||
| 041 | _aESP | ||
| 082 |
_a372.41 _bG28 |
||
| 100 |
_aGatti Murriel, Carlos, _eAUT |
||
| 245 | 0 |
_aTécnicas de lectura y redacción : _blenguaje científico y académico |
|
| 246 |
_a _5 _b |
||
| 250 | _aCuarta edición | ||
| 260 |
_aLima : _bUniversidad del Pacífico, _c2015 |
||
| 300 |
_a220 páginas : _bilustraciones, cuadros ; _c21 cm. _e |
||
| 440 |
_a(Apuntes de estudio _n; número 7) _v |
||
| 650 | _aEDU | ||
| 653 | _aRedacción - Metodología; Comprensión de lectura; Español - Gramática | ||
| 654 | _aCED | ||
| 700 |
_aWiesse Rebagliati, Jorge, _cAUT |
||
| 856 |
_uhttps://0u20fluvl-y-https-research-ebsco-com.itmsp.museknowledge.com/c/qxo6us/search _zVéase además: Base de datos EBSCOhost |
||
| 942 |
_cLIB _dJUS _fMAT _2ddc _n |
||
| 999 |
_c21943 _d21943 |
||